Comuni che confinano con la città di Lecco - Statistics

Statistiche generali
  • Questo quiz è stato fatto 22 volte
  • Il punteggio medio è 8 su 13
Statistiche sulle risposte
Provincia Superfice Km² Abitanti Comune % Corretto
Lecco 16,67 3.151 Abbadia Lariana
89%
Lecco 15,04 4.191 Ballabio
78%
Lecco 12,6 11.265 Valmadrera
78%
Lecco 1,90 4.137 Malgrate
72%
Lecco 43,33 9.885 Mandello del Lario
72%
Lecco 2,1 2.151 Pescate
72%
Lecco 3,30 2.640 Garlate
67%
Lecco 13,71 30 Morterone
67%
Lecco 15,64 8.432 Galbiate
61%
Lecco 2,12 2.651 Vercurago
56%
Lecco 6,20 669 Erve
39%
Bergamo 8,14 146 Brumano
17%
Bergamo 16,43 3.922 Sant'Omobono Terme
11%
Nessun quiz corrispondente trovato
Distribuzione punteggi
Percentuale di utenti per punteggio
Percentile per numero di risposta
I tuoi punteggi nel tempo
Non hai fatto questo quiz